| 000 | 00560nam a22002057a 4500 | ||
|---|---|---|---|
| 003 | OSt | ||
| 005 | 20240325112905.0 | ||
| 008 | 140902b xxu||||| |||| 00| 0 eng d | ||
| 020 | _a0443044201 | ||
| 040 | _cDDC | ||
| 082 | _aBB WB100 M926m 1990 | ||
| 100 |
_aEdited by John, F. Munro; Edwards, C.R.W. _912971 |
||
| 245 | _aMacleod's Clinical Examination | ||
| 250 | _a8th ed. | ||
| 260 |
_aLondon: _bChurchill Livingstone; _c1990 |
||
| 300 |
_a379 p : _bcol.ill ; _c27 cm. |
||
| 504 | _aIncludes Index | ||
| 650 |
_aMedicine MQCs _9324 |
||
| 942 |
_2z _cO_SHELF |
||
| 999 |
_c8279 _d8279 |
||